000 00482nmm a2200157Ia 4500
008 251105s9999||||xx |||||||||||||||||und||
041 _aspa
100 _aRangel Nafaile, Carlos E.
245 0 _aLos materiales de la civilización
264 _a[México D.C., Mexico] :
_bFondo de Cultura Económica,
_c2016
300 _a118 páginas
490 _aLa Ciencia para Todos
650 _aHistory (General)
856 _uhttps://public.digitaliapublishing.com/a/64771
942 _cCF
999 _c99682
_d99682